000 00476nam a22001937a 4500
003 MPLRDC
005 20220104161215.0
008 210129b ||||| |||| 00| 0 eng d
020 _a962-459-413-9
082 _a415.6 XH
100 _a薛辉编
245 _a高脂血症四季饮食
_c
250 _a再版
260 _a香港
_b开明书店
_c2005
300 _b
490 _a常见病药膳调养丛书
650 _a血液病及腺病
942 _cBK
_o415.6 XH
999 _c55365
_d55355